Les remontées mécaniques du Grand Massif - Statistiques

Statistiques générales
  • Ce quiz a été pris 25 fois
  • Le résultat moyen est 23 sur 62
Statistiques - réponses
Réponse % Correct
Aup de Véran
75%
Corbalanche
75%
Désert Blanc
75%
Diamant Noir
67%
Grandes Platières
67%
Grands Vans
67%
Tête des Verds
67%
Aujon
58%
Chariande Express
58%
Lapiaz
58%
Les Molliets
58%
Tête des Saix
58%
Vernant
58%
Gérats
50%
Gers
50%
Grand Grenier
50%
Grand Massif Express
50%
Gron
50%
Lindars Nord
50%
Sairon
50%
Stade
50%
Vercland
50%
Kédeuze
42%
Kédeuze
42%
Oasis
42%
Plein Soleil
42%
Plein Soleil
42%
Ballacha
33%
Bergin
33%
Biollaires
33%
Bois
33%
Chariande 2
33%
Coulouvrier
33%
Damoiseaux
33%
Feulatière
33%
Foret
33%
Le Lac
33%
Les Esserts
33%
Morillon
33%
Cascades
25%
Demoiselles
25%
Figaro
25%
Soleil
25%
Télébenne
25%
Vieille
25%
Balme
17%
Bardelle
17%
Crêtes
17%
Crêtes
17%
Plan Moulin
17%
Plateau
17%
Pré
17%
Télé-débutants
17%
Télé-débutants
17%
Véret
17%
Babuches
8%
Bissac
8%
Pendant
8%
Pendant
8%
Pendant
8%
Salvagny
8%
Michalets
0%
Aucun quiz correspondant
Distribution des résultats
% des personnes avec chaque résultat
Percentile par nombre de réponses
Votre historique - résultats
Vous n’avez pas pris ce quiz